00899nam a2200217 u 450000100100000000500170001000800410002702000150006804000250008308200200010810000360012824501150016426000930027930000280037250000510040050000680045150400320051965000520055165000430060370000350064600000219520200929150155.0090701s2002 dr a r 000 0 spa d a9993490806 aDO-SdBNPbspacBNPHU a332.1098bL864r1 aLópez Váldez, José Manuel13aLa regulación bancaria en América Latina /cJosé Manuel López Váldez, Francisco Jiménez Holguín. aSanto Domingo :bAsociación de Bancos Comerciales de la República Dominicana,c2002. a194 p. :bil. ;c24 cm. aIncluye biografía de los autores: p. 189-194 aIncluye referencias bibliográficas y notas a pie de páginas aBibliografía : p. 173-188 4aBancoszAmérica LatinaxSupervisión estatal 4aPolítica monetariazAmérica Latina12aJiménez Holguín, Francisco